Bucoliques
Saved in:
| Hovedforfatter: | |
|---|---|
| Format: | Bog |
| Sprog: | fransk latin |
| Udgivet: |
París
Les Belles Lettres
1967
|
| Serier: | Collection des Universités de France
|
| Fag: | |
| Tags: |
Tilføj Tag
Ingen Tags, Vær først til at tagge denne postø!
|
MARC
| LEADER | 00000nam a2200000 a 4500 | ||
|---|---|---|---|
| 001 | UCO5847 | ||
| 003 | CL-VaPUC | ||
| 008 | 000915e19670000FR |||||||||||||||||fre|d | ||
| 041 | 0 | 7 | |a fre |2 CL-VaPUC |
| 041 | 0 | 7 | |a lat |2 CL-VaPUC |
| 082 | 0 | 4 | |a 873 |b VIR |2 21 |
| 100 | 0 | |a Virgilio Marón, Publio |e author |9 266333 | |
| 245 | 1 | 0 | |a Bucoliques |
| 300 | |a 141 p | ||
| 942 | |c BK | ||
| 945 | |d 20000915 00:00:00 |a crobeson | ||
| 260 | |a París |b Les Belles Lettres |c 1967 | ||
| 600 | 0 | 7 | |a VIRGILIO |2 CL-VaPUC |9 266332 |
| 650 | 7 | |a POESIAS PASTORALES LATINAS |2 CL-VaPUC |9 450651 | |
| 650 | 0 | |a Poesías épicas latinas |9 265355 | |
| 650 | 0 | |a Literatura latina |9 258055 | |
| 583 | |a last modification |c 20000915 00:00:00 |k Rodrigo Vera | ||
| 490 | 0 | |a Collection des Universités de France | |
| 999 | |c 291677 |d 291675 | ||
| 952 | |0 0 |1 0 |4 0 |6 873_000000000000000_VIR_1967 |7 0 |8 X |9 341747 |a BIBART |b BIBART |d 2019-11-20 |i 1223933 |o 873 VIR 1967 |p 1223933 |r 2025-03-13 |w 2019-11-20 |y BK_X |k ART | ||